01051 a2200145 4500003000500000005001700005040000900022082001200031100002100043245006600064260003500130300001400165505069200179650003400871Nust20231108175618.0 cNust a629,GHO aGhost, Smarajit  aControl systems : btheory and applications /cSmarajit Ghost aIndiabPearson Educationc2007 axvi,612p. aFundamentals of Control Systems (Page-1), Laplace Transform and Matrix Algebra (Page-14), Transfer Function (Page-37), Control System Components (Page-59), Mathematical Modeling of Physical Systems (Page-106), Block Diagram (Page-141), Signal Flow Graphs (Page-177), Time Domain Analysis of Control Systems (Page-215), Feedback Characteristics Of Control Systems (Page-276), Stability (Page-310), Root Locus Method (Page-331), Frequency Domain Analysis (Page-375), Bode Plot (Page-388), Polar Plot (Page-429), Nyquist Plot (Page-445), Introduction to Compensators (Page-480), State Variable Approach (Page-498), Digital Control Systems (Page-541), Non-Linear Control Systems (Page-556). aTelecommunication Engineering